000 00491nam a2200193Ia 4500
003 GCL
008 140319s9999 xx 000 0 eng d
040 _aGCL /
_cGCL
082 0 4 _a843
_bD E
100 1 _aD'AUREVILLY, JULES
245 1 0 _aL'ENSORCELEE /
_cD'AUREVILLY, JULES
700 1 _aD'AUREVILLY, JULES BARBEY
260 _a[S.N] :
_bFOLIO ،
_c1995
300 _a309\P
490 _aCOLLECTION FOLIO
_v0
650 0 4 _aLITERATURE
650 0 4 _aFRENCH LITERATURE
942 _2ddc
_cBK
999 _c21782
_d21782